Hermandades Semana Santa Salamanca - Estadísticas

Estadísticas generales
  • Esta prueba ha sido intentada 49 veces
  • La puntuación promedio es 16 de 23
Estadísticas de respuestas
Hermandades Respuesta % Correcto
Viernes de Dolores Cofradía de la Vera Cruz
88%
Lunes Santo Cofradía de la Vera Cruz
88%
Cofradía de la Vera Cruz
88%
Domingo de Resurrección Cofradía de la Vera Cruz
88%
Sábado Santo Hermandad de Nuestra Señora de la Soledad
88%
Congregación de Jesús Nazareno
83%
Cofradía de la Oración en el Huerto
79%
Domingo de Ramos Hermandad de Jesús Amigo de los Niños
79%
Hermandad de Jesús Despojado
75%
Hermandad del Cristo del Amor y de la Paz
75%
Hermandad del Cristo del Amor y de la Paz
75%
Hermandad del Cristo del Amor y de la Paz
75%
Hermandad del Silencio
75%
Miércoles Santo Hermandad de Jesús Flagelado
67%
Viernes Santo Hermandad Dominicana
67%
Real Cofradía del Cristo Yacente
67%
Hermandad del Perdón
63%
Hermandad Franciscana
58%
Martes Santo Hermandad Universitaria
58%
Sábado de Pasión Archicofradía Penitencial del Rosario
54%
Congregación de Jesús Rescatado
54%
Seráfica Hermandad del Cristo de la Agonía
54%
Jueves Santo Hermandad del Via Crucis
50%
No se encontraron pruebas coincidentes
Distribución de puntuación
Porcentaje de gente con cada puntuación
Porcentaje por número respondido
Historial de tus puntuaciones
No has intentado esta prueba.